[Event "1st Stars Cup 2016"]
[Site "Guilan, Iran"]
[Date "2016.07.13"]
[Round "3"]
[Board "5"]
[White "Firouzja, Alireza"]
[Black "Sokolov, Ivan"]
[Result "0-1"]
[WhiteElo "2481"]
[BlackElo "2642"]
[PlyCount "0"]
[EventDate "2016.07.11"]
[EventType "team"]
[EventRounds "10"]
[EventCountry "IRI"]
[WhiteTeam "Iran Stars"]
[BlackTeam "World Stars"]

1. Nf3 {[%clk 1:30:50]} d5 {[%clk 1:30:41]} 2. g3 {[%clk 1:31:03]} c6
{[%clk 1:29:10]} 3. Bg2 {[%clk 1:31:03]} Bg4 {[%clk 1:29:35]} 4. O-O
{[%clk 1:29:46]} Nd7 {[%clk 1:26:30]} 5. d3 {[%clk 1:28:55]} e6 {[%clk 1:25:23]}
6. h3 {[%clk 1:25:15]} Bh5 {[%clk 1:24:26]} 7. e4 {[%clk 1:21:38]} Bd6
{[%clk 1:23:56]} 8. Nbd2 {[%clk 1:20:15]} Ne7 {[%clk 1:23:59]} 9. Re1
{[%clk 1:10:21]} O-O {[%clk 1:24:04]} 10. c4 {[%clk 1:09:44]} dxe4
{[%clk 1:13:33]} 11. Nxe4 {[%clk 1:04:21]} Bb4 {[%clk 1:13:49]} 12. Rf1
{[%clk 1:02:31]} Bxf3 {[%clk 1:07:21]} 13. Qxf3 {[%clk 0:56:37]} Nf5
{[%clk 1:03:32]} 14. Qd1 {[%clk 0:45:16]} Ne5 {[%clk 0:54:07]} 15. Qb3
{[%clk 0:36:48]} a5 {[%clk 0:53:05]} 16. a3 {[%clk 0:35:05]} Nd4 {[%clk 0:50:00]}
17. Qd1 {[%clk 0:35:31]} Be7 {[%clk 0:50:24]} 18. Nc3 {[%clk 0:28:56]} f5
{[%clk 0:49:39]} 19. Re1 {[%clk 0:27:40]} Bf6 {[%clk 0:49:25]} 20. Rb1
{[%clk 0:27:02]} Qd7 {[%clk 0:41:31]} 21. Na4 {[%clk 0:23:59]} Rad8
{[%clk 0:39:49]} 22. Nc5 {[%clk 0:23:07]} Qe7 {[%clk 0:39:45]} 23. b4
{[%clk 0:21:42]} axb4 {[%clk 0:35:41]} 24. axb4 {[%clk 0:21:29]} b6
{[%clk 0:36:09]} 25. f4 {[%clk 0:17:58]} bxc5 {[%clk 0:32:27]} 26. fxe5
{[%clk 0:17:59]} Bg5 {[%clk 0:32:56]} 27. b5 {[%clk 0:15:57]} cxb5
{[%clk 0:27:38]} 28. cxb5 {[%clk 0:16:20]} c4 {[%clk 0:25:42]} 29. dxc4
{[%clk 0:15:05]} Nxb5 {[%clk 0:23:29]} 30. Bxg5 {[%clk 0:07:03]} Qxg5
{[%clk 0:23:44]} 31. Qc1 {[%clk 0:03:50]} Qxg3 {[%clk 0:24:39]} 32. cxb5
{[%clk 0:04:17]} f4 {[%clk 0:17:51]} 33. Re4 h5 {[%clk 0:18:19]} 34. Qe1
{[%clk 0:04:17]} Qg6 {[%clk 0:17:16]} 35. Kh2 {[%clk 0:03:00]} f3
{[%clk 0:16:50]} 36. Rb2 {[%clk 0:03:26]} fxg2 {[%clk 0:17:15]} 37. Rxg2
{[%clk 0:03:29]} Qf5 {[%clk 0:14:01]} 38. Qe3 {[%clk 0:02:36]} Rd1
{[%clk 0:11:56]} 39. Rc4 {[%clk 0:01:04]} Qb1 40. b6 {[%clk 0:01:32]} Rh1+
{[%clk 0:12:06]} 41. Kg3 {[%clk 0:01:47]} Qg6+ {[%clk 0:12:05]} 42. Kh4
{[%clk 0:02:12]} Qxg2 {[%clk 0:12:13]} 43. Rc7 Rf4+ 0-1

[Event "1st Stars Cup 2016"]
[Site "Guilan, Iran"]
[Date "2016.07.13"]
[Round "3"]
[Board "6"]
[White "Khademalsharieh, Sarasadat"]
[Black "Miroshnichenko, Evgenij"]
[Result "1/2-1/2"]
[WhiteElo "2445"]
[BlackElo "2616"]
[PlyCount "0"]
[EventDate "2016.07.11"]
[EventType "team"]
[EventRounds "10"]
[EventCountry "IRI"]
[WhiteTeam "Iran Stars"]
[BlackTeam "World Stars"]

1. d4 {[%clk 1:30:51]} g6 {[%clk 1:30:28]} 2. c4 {[%clk 1:31:02]} Bg7
{[%clk 1:30:52]} 3. e4 {[%clk 1:30:55]} c5 {[%clk 1:30:36]} 4. d5
{[%clk 1:30:26]} d6 {[%clk 1:30:46]} 5. Nc3 {[%clk 1:30:08]} e6 {[%clk 1:30:28]}
6. Bd3 {[%clk 1:27:32]} Ne7 {[%clk 1:30:37]} 7. Nf3 {[%clk 1:24:06]} O-O
{[%clk 1:30:40]} 8. O-O {[%clk 1:23:49]} Nd7 {[%clk 1:27:15]} 9. Qc2
{[%clk 1:12:54]} h6 {[%clk 1:12:30]} 10. a3 {[%clk 1:04:06]} a6 {[%clk 1:06:37]}
11. Rb1 {[%clk 1:03:35]} g5 {[%clk 0:57:37]} 12. b4 {[%clk 0:56:54]} Ng6
{[%clk 0:56:09]} 13. Rd1 {[%clk 0:52:26]} g4 {[%clk 0:50:51]} 14. Ne1
{[%clk 0:50:17]} b6 {[%clk 0:40:52]} 15. Bf1 {[%clk 0:44:34]} Nde5
{[%clk 0:40:50]} 16. bxc5 {[%clk 0:42:52]} bxc5 {[%clk 0:41:14]} 17. Na4 exd5
{[%clk 0:36:43]} 18. Nb6 {[%clk 0:35:48]} Rb8 {[%clk 0:34:49]} 19. Nxc8
{[%clk 0:33:26]} Rxc8 {[%clk 0:34:41]} 20. Rxd5 {[%clk 0:31:25]} Ne7
{[%clk 0:32:13]} 21. Rd1 {[%clk 0:30:24]} f5 {[%clk 0:22:14]} 22. Bf4
{[%clk 0:23:25]} N7c6 {[%clk 0:16:24]} 23. exf5 {[%clk 0:22:31]} Qf6
{[%clk 0:15:50]} 24. Qe4 {[%clk 0:20:08]} Rce8 {[%clk 0:11:58]} 25. Qd5+
{[%clk 0:16:04]} Kh8 {[%clk 0:12:18]} 26. Rb6 {[%clk 0:09:47]} Qxf5
{[%clk 0:09:25]} 27. Bg3 {[%clk 0:10:12]} Ne7 {[%clk 0:04:09]} 28. Qd2
{[%clk 0:10:03]} N7c6 {[%clk 0:04:30]} 29. Qd5 {[%clk 0:10:21]} Ne7
{[%clk 0:04:50]} 30. Qd2 {[%clk 0:10:45]} N7c6 {[%clk 0:04:55]} 31. Qd5
{[%clk 0:10:47]} 1/2-1/2

[Event "1st Stars Cup 2016"]
[Site "Guilan, Iran"]
[Date "2016.07.13"]
[Round "3"]
[Board "7"]
[White "Gholami, Aryan"]
[Black "Lu, Shanglei"]
[Result "1/2-1/2"]
[WhiteElo "2454"]
[BlackElo "2611"]
[PlyCount "0"]
[EventDate "2016.07.11"]
[EventType "team"]
[EventRounds "10"]
[EventCountry "IRI"]
[WhiteTeam "Iran Stars"]
[BlackTeam "World Stars"]

1. e4 {[%clk 1:30:49]} c5 {[%clk 1:30:28]} 2. Nf3 {[%clk 1:30:58]} d6
{[%clk 1:30:24]} 3. c3 {[%clk 1:30:58]} Nf6 {[%clk 1:29:52]} 4. Be2
{[%clk 1:30:55]} g6 {[%clk 1:27:05]} 5. O-O {[%clk 1:30:22]} Bg7 {[%clk 1:27:29]}
6. Bb5+ {[%clk 1:30:35]} Bd7 {[%clk 1:26:24]} 7. Bxd7+ {[%clk 1:30:26]} Qxd7
{[%clk 1:26:49]} 8. Re1 {[%clk 1:30:35]} Nc6 {[%clk 1:23:07]} 9. d4
{[%clk 1:29:50]} O-O {[%clk 1:22:50]} 10. dxc5 {[%clk 1:06:29]} dxc5
{[%clk 1:21:47]} 11. Qxd7 {[%clk 1:06:16]} Nxd7 {[%clk 1:22:12]} 12. Na3
{[%clk 1:06:35]} Rfd8 {[%clk 1:11:34]} 13. Bf4 {[%clk 1:02:19]} Nb6
{[%clk 1:10:09]} 14. Bc7 {[%clk 0:52:16]} Re8 {[%clk 1:03:31]} 15. Bxb6
{[%clk 0:45:45]} axb6 {[%clk 1:03:52]} 16. e5 {[%clk 0:46:06]} Red8
{[%clk 1:02:20]} 17. Nb5 {[%clk 0:40:57]} Rd3 {[%clk 0:55:09]} 18. h3
{[%clk 0:35:46]} h6 {[%clk 0:44:37]} 19. Re2 {[%clk 0:33:18]} g5 {[%clk 0:36:30]}
20. Kf1 {[%clk 0:28:33]} Rad8 {[%clk 0:31:43]} 21. Rae1 {[%clk 0:27:37]} Kh7
{[%clk 0:30:24]} 22. a4 {[%clk 0:25:35]} Kg6 {[%clk 0:21:11]} 23. Na3
{[%clk 0:23:56]} Na5 {[%clk 0:21:25]} 24. Re4 {[%clk 0:22:47]} h5
{[%clk 0:20:41]} 25. Nc4 {[%clk 0:21:56]} Nxc4 {[%clk 0:17:26]} 26. Rxc4
{[%clk 0:22:05]} R8d5 {[%clk 0:15:49]} 27. Rce4 {[%clk 0:20:30]} e6
{[%clk 0:13:59]} 28. Ke2 {[%clk 0:12:03]} Kf5 {[%clk 0:14:06]} 29. Kf1
{[%clk 0:11:35]} g4 {[%clk 0:11:32]} 30. hxg4+ {[%clk 0:11:41]} hxg4
{[%clk 0:11:59]} 31. Nh4+ {[%clk 0:10:47]} Kg5 {[%clk 0:12:24]} 32. g3
{[%clk 0:08:30]} Rd1 {[%clk 0:09:27]} 33. f4+ {[%clk 0:08:03]} gxf3
{[%clk 0:09:04]} 34. Nxf3+ {[%clk 0:08:26]} Kg6 {[%clk 0:09:26]} 35. Ke2
{[%clk 0:03:49]} Rxe1+ {[%clk 0:09:52]} 36. Kxe1 {[%clk 0:04:13]} Bh6
{[%clk 0:10:20]} 37. Ke2 {[%clk 0:03:20]} Bc1 {[%clk 0:10:22]} 38. c4
{[%clk 0:03:00]} Rd8 {[%clk 0:10:31]} 39. b3 {[%clk 0:03:24]} Kf5
{[%clk 0:09:12]} 40. Rh4 {[%clk 0:03:52]} Rg8 {[%clk 0:09:37]} 41. Rh5+
{[%clk 0:03:33]} Kg6 {[%clk 0:07:42]} 42. Rh4 {[%clk 0:03:55]} Rd8
{[%clk 0:06:28]} 43. Rg4+ {[%clk 0:03:21]} Kh6 {[%clk 0:06:43]} 44. Rh4+
{[%clk 0:03:43]} Kg7 {[%clk 0:07:10]} 45. Rg4+ {[%clk 0:04:03]} Kf8
{[%clk 0:06:47]} 46. Rh4 {[%clk 0:04:31]} Ke7 {[%clk 0:06:23]} 47. Rh1
{[%clk 0:04:33]} Ba3 {[%clk 0:06:30]} 48. g4 {[%clk 0:03:15]} 1/2-1/2

[Event "1st Stars Cup 2016"]
[Site "Guilan, Iran"]
[Date "2016.07.13"]
[Round "3"]
[Board "8"]
[White "Mchedlishvili, Mikheil"]
[Black "Idani, Pouya"]
[Result "1/2-1/2"]
[WhiteElo "2604"]
[BlackElo "2560"]
[PlyCount "0"]
[EventDate "2016.07.11"]
[EventType "team"]
[EventRounds "10"]
[EventCountry "IRI"]
[WhiteTeam "World Stars"]
[BlackTeam "Iran Stars"]

1. d4 {[%clk 1:30:46]} Nf6 {[%clk 1:30:00]} 2. c4 {[%clk 1:30:46]} e6
{[%clk 1:30:23]} 3. Nf3 {[%clk 1:29:23]} c5 {[%clk 1:30:31]} 4. d5
{[%clk 1:27:35]} d6 {[%clk 1:30:04]} 5. Nc3 {[%clk 1:26:15]} exd5
{[%clk 1:30:28]} 6. cxd5 {[%clk 1:26:37]} g6 {[%clk 1:30:54]} 7. Bf4
{[%clk 1:24:50]} Bg7 {[%clk 1:30:27]} 8. Qa4+ {[%clk 1:24:33]} Bd7
{[%clk 1:30:51]} 9. Qb3 {[%clk 1:24:26]} b5 {[%clk 1:31:18]} 10. Bxd6
{[%clk 1:22:09]} Qb6 {[%clk 1:31:31]} 11. Be5 {[%clk 1:21:44]} O-O
{[%clk 1:31:55]} 12. e3 {[%clk 1:21:29]} c4 {[%clk 1:32:21]} 13. Qd1
{[%clk 1:20:53]} b4 {[%clk 1:32:47]} 14. Nb1 {[%clk 1:19:58]} Rc8
{[%clk 1:33:09]} 15. Be2 {[%clk 1:09:44]} Bf5 {[%clk 1:32:28]} 16. Nbd2
{[%clk 0:58:44]} c3 {[%clk 1:32:46]} 17. Nc4 {[%clk 0:58:32]} Qd8
{[%clk 1:33:11]} 18. bxc3 {[%clk 0:53:13]} Nbd7 {[%clk 1:33:32]} 19. Bd4
{[%clk 0:38:41]} bxc3 {[%clk 1:31:49]} 20. Bxc3 {[%clk 0:37:54]} Nb6
{[%clk 1:32:16]} 21. Nxb6 {[%clk 0:35:35]} axb6 {[%clk 1:32:43]} 22. Bxf6
{[%clk 0:30:13]} Bxf6 {[%clk 1:29:20]} 23. Nd4 {[%clk 0:30:35]} Qxd5
{[%clk 1:25:37]} 24. O-O {[%clk 0:30:08]} Bxd4 {[%clk 1:20:48]} 25. Bf3
{[%clk 0:28:17]} Be4 {[%clk 1:20:29]} 26. Bxe4 {[%clk 0:27:33]} Qxe4
{[%clk 1:20:54]} 27. exd4 {[%clk 0:27:32]} Rd8 {[%clk 1:21:11]} 28. Re1
{[%clk 0:27:35]} Qd5 {[%clk 1:19:30]} 29. Re2 {[%clk 0:25:30]} b5
{[%clk 1:18:02]} 30. Rd2 1/2-1/2

[Event "1st Stars Cup 2016"]
[Site "Guilan, Iran"]
[Date "2016.07.13"]
[Round "3"]
[Board "9"]
[White "Ghaem Maghami, Ehsan"]
[Black "Ehlvest, Jaan"]
[Result "1-0"]
[WhiteElo "2569"]
[BlackElo "2524"]
[PlyCount "0"]
[EventDate "2016.07.11"]
[EventType "team"]
[EventRounds "10"]
[EventCountry "IRI"]
[WhiteTeam "Iran Stars"]
[BlackTeam "World Stars"]

1. e4 {[%clk 1:28:55]} c6 {[%clk 1:30:55]} 2. Nc3 {[%clk 1:22:08]} d5
{[%clk 1:31:03]} 3. Nf3 {[%clk 1:21:44]} dxe4 {[%clk 1:22:02]} 4. Nxe4
{[%clk 1:20:45]} Nf6 {[%clk 1:20:35]} 5. Nxf6+ {[%clk 1:16:47]} exf6
{[%clk 1:20:15]} 6. d4 {[%clk 1:16:59]} Bd6 {[%clk 1:19:53]} 7. Bd3
{[%clk 1:17:06]} O-O {[%clk 1:20:07]} 8. O-O {[%clk 1:17:29]} Bg4
{[%clk 1:05:01]} 9. h3 {[%clk 1:08:27]} Bh5 {[%clk 1:03:14]} 10. Be4
{[%clk 1:04:56]} Na6 {[%clk 0:37:04]} 11. a3 {[%clk 0:58:37]} Qd7
{[%clk 0:33:50]} 12. Qd3 {[%clk 0:55:08]} g6 {[%clk 0:32:28]} 13. Nd2
{[%clk 0:55:29]} f5 {[%clk 0:29:37]} 14. Bf3 {[%clk 0:55:23]} Bxf3
{[%clk 0:30:05]} 15. Nxf3 {[%clk 0:54:04]} Nc7 {[%clk 0:30:28]} 16. c4
{[%clk 0:45:41]} Rfe8 {[%clk 0:26:57]} 17. Bh6 {[%clk 0:40:24]} Ne6
{[%clk 0:26:18]} 18. Qd2 {[%clk 0:38:33]} Rad8 {[%clk 0:24:50]} 19. Rad1
{[%clk 0:38:11]} f6 {[%clk 0:22:21]} 20. Rfe1 {[%clk 0:29:59]} Qf7
{[%clk 0:21:32]} 21. Qc2 {[%clk 0:29:11]} f4 {[%clk 0:17:10]} 22. h4
{[%clk 0:26:19]} Ng7 {[%clk 0:17:05]} 23. Rxe8+ {[%clk 0:13:07]} Rxe8
{[%clk 0:16:47]} 24. Bxg7 {[%clk 0:13:16]} Kxg7 {[%clk 0:17:10]} 25. d5
{[%clk 0:12:52]} c5 {[%clk 0:17:03]} 26. Kf1 {[%clk 0:10:52]} Qd7
{[%clk 0:16:07]} 27. Re1 {[%clk 0:11:01]} Rxe1+ {[%clk 0:16:06]} 28. Kxe1
{[%clk 0:11:22]} Kh6 {[%clk 0:12:36]} 29. Kf1 {[%clk 0:10:50]} g5
{[%clk 0:09:10]} 30. hxg5+ {[%clk 0:09:46]} fxg5 {[%clk 0:09:23]} 31. Qe4
{[%clk 0:09:37]} Qf7 {[%clk 0:07:41]} 32. Ke2 {[%clk 0:05:10]} g4
{[%clk 0:06:23]} 33. Ne5 {[%clk 0:04:47]} f3+ {[%clk 0:02:14]} 34. gxf3
{[%clk 0:04:58]} Bxe5 {[%clk 0:02:37]} 35. Qxe5 {[%clk 0:05:22]} Qxf3+
{[%clk 0:03:01]} 36. Ke1 {[%clk 0:05:43]} Kg6 {[%clk 0:02:20]} 37. Qe6+
{[%clk 0:02:30]} Kg7 {[%clk 0:02:49]} 38. d6 {[%clk 0:02:34]} g3 {[%clk 0:02:16]}
39. Qe5+ {[%clk 0:02:42]} Kf7 {[%clk 0:02:44]} 40. fxg3 {[%clk 0:02:55]} Qf6
{[%clk 0:02:00]} 41. Qxc5 {[%clk 0:01:50]} Qxb2 {[%clk 0:02:23]} 42. Qd5+
{[%clk 0:01:48]} Kf6 {[%clk 0:02:26]} 43. d7 {[%clk 0:01:44]} Qc1+
{[%clk 0:02:24]} 44. Kf2 {[%clk 0:01:51]} Qc2+ {[%clk 0:01:31]} 45. Kg1
{[%clk 0:01:57]} 1-0

[Event "1st Stars Cup 2016"]
[Site "Guilan, Iran"]
[Date "2016.07.13"]
[Round "3"]
[Board "10"]
[White "Pourramezanali, Amirreza"]
[Black "Vakhidov, Jahongir"]
[Result "0-1"]
[WhiteElo "2509"]
[BlackElo "2586"]
[PlyCount "0"]
[EventDate "2016.07.11"]
[EventType "team"]
[EventRounds "10"]
[EventCountry "IRI"]
[WhiteTeam "Iran Stars"]
[BlackTeam "World Stars"]

1. e4 {[%clk 1:30:57]} c5 {[%clk 1:30:39]} 2. Nf3 {[%clk 1:31:18]} d6
{[%clk 1:30:02]} 3. d4 {[%clk 1:31:43]} cxd4 {[%clk 1:30:26]} 4. Nxd4
{[%clk 1:32:10]} Nf6 {[%clk 1:30:46]} 5. Nc3 {[%clk 1:32:35]} a6 {[%clk 1:30:53]}
6. Be3 {[%clk 1:32:59]} e5 {[%clk 1:30:56]} 7. Nb3 {[%clk 1:33:27]} Be6
{[%clk 1:31:17]} 8. h3 {[%clk 1:33:52]} h5 {[%clk 1:27:51]} 9. f4
{[%clk 1:33:27]} Qc7 {[%clk 1:19:37]} 10. Qf3 {[%clk 1:28:05]} Nbd7
{[%clk 1:19:04]} 11. f5 {[%clk 1:19:38]} Bc4 {[%clk 1:18:14]} 12. Bxc4
{[%clk 1:12:54]} Qxc4 {[%clk 1:18:20]} 13. O-O-O {[%clk 1:13:05]} Rc8
{[%clk 1:12:47]} 14. Kb1 {[%clk 1:12:57]} b5 {[%clk 1:12:23]} 15. Nd2
{[%clk 1:04:50]} Qc6 {[%clk 1:08:04]} 16. Rc1 {[%clk 1:04:25]} Qb7
{[%clk 0:49:25]} 17. Bg5 {[%clk 0:42:35]} b4 {[%clk 0:44:33]} 18. Nd5
{[%clk 0:41:39]} Nxd5 {[%clk 0:44:41]} 19. exd5 {[%clk 0:42:07]} Nb6
{[%clk 0:44:10]} 20. Ne4 {[%clk 0:40:08]} f6 {[%clk 0:42:31]} 21. Bd2
{[%clk 0:31:54]} Qxd5 {[%clk 0:38:23]} 22. Bxb4 {[%clk 0:28:20]} Rc4
{[%clk 0:32:52]} 23. Nxd6+ {[%clk 0:28:18]} Bxd6 {[%clk 0:33:12]} 24. Qxd5
{[%clk 0:28:43]} Nxd5 {[%clk 0:33:27]} 25. Bxd6 {[%clk 0:29:11]} Ne3
{[%clk 0:33:42]} 26. b3 {[%clk 0:26:47]} Rc6 {[%clk 0:31:40]} 27. Ba3
{[%clk 0:27:14]} Kf7 {[%clk 0:29:01]} 28. c4 {[%clk 0:25:59]} Nxg2
{[%clk 0:25:44]} 29. Rhd1 {[%clk 0:24:59]} Ne3 {[%clk 0:25:03]} 30. Rd7+
{[%clk 0:25:20]} Kg8 {[%clk 0:25:33]} 31. Rd8+ {[%clk 0:05:29]} Kh7
{[%clk 0:25:26]} 32. Rxh8+ {[%clk 0:05:58]} Kxh8 {[%clk 0:25:46]} 33. Kb2
{[%clk 0:06:20]} Nxf5 {[%clk 0:25:12]} 34. b4 {[%clk 0:05:14]} Nd4
{[%clk 0:25:36]} 35. c5 {[%clk 0:04:57]} g5 {[%clk 0:25:55]} 36. Rh1
{[%clk 0:04:27]} Kg7 {[%clk 0:25:45]} 37. Kc3 {[%clk 0:04:44]} Nb5+
{[%clk 0:25:34]} 38. Kb3 {[%clk 0:05:13]} a5 {[%clk 0:10:04]} 39. Ka4
{[%clk 0:01:42]} Nxa3 {[%clk 0:10:22]} 40. Kxa3 {[%clk 0:02:12]} e4
{[%clk 0:10:15]} 41. Rc1 {[%clk 0:02:16]} axb4+ {[%clk 0:10:10]} 42. Kxb4
{[%clk 0:02:46]} f5 {[%clk 0:10:19]} 43. Kc4 {[%clk 0:02:08]} e3 {[%clk 0:08:55]}
44. Kd5 {[%clk 0:01:08]} Rc8 {[%clk 0:09:16]} 45. c6 {[%clk 0:01:33]} f4
{[%clk 0:07:58]} 46. h4 {[%clk 0:00:31]} e2 {[%clk 0:08:15]} 47. Ke4
{[%clk 0:00:32]} Re8+ {[%clk 0:07:59]} 48. Kd4 0-1

[Event "1st Stars Cup 2016"]
[Site "Guilan, Iran"]
[Date "2016.07.14"]
[Round "4"]
[Board "1"]
[White "Maghsoodloo, Parham"]
[Black "Sargissian, Gabriel"]
[Result "1/2-1/2"]
[WhiteElo "2501"]
[BlackElo "2679"]
[PlyCount "0"]
[EventDate "2016.07.11"]
[EventType "team"]
[EventRounds "10"]
[EventCountry "IRI"]
[WhiteTeam "Iran Stars"]
[BlackTeam "World Stars"]

1. Nf3 {[%clk 1:30:39]} d5 {[%clk 1:30:30]} 2. e3 {[%clk 1:30:22]} Nf6
{[%clk 1:30:28]} 3. b3 {[%clk 1:30:34]} Bg4 {[%clk 1:23:52]} 4. Bb2
{[%clk 1:28:43]} e6 {[%clk 1:24:06]} 5. h3 {[%clk 1:26:50]} Bxf3 {[%clk 1:23:32]}
6. Qxf3 {[%clk 1:27:11]} Nbd7 {[%clk 1:18:10]} 7. g4 {[%clk 1:26:34]} h6
{[%clk 1:10:04]} 8. h4 {[%clk 1:23:06]} c6 {[%clk 1:10:15]} 9. g5
{[%clk 1:17:37]} hxg5 {[%clk 1:09:27]} 10. hxg5 {[%clk 1:17:55]} Rxh1
{[%clk 1:09:49]} 11. Qxh1 {[%clk 1:18:22]} Ne4 {[%clk 1:10:07]} 12. f4
{[%clk 1:14:28]} Ng3 {[%clk 1:04:40]} 13. Qh3 {[%clk 1:11:05]} Nxf1
{[%clk 1:04:14]} 14. g6 {[%clk 1:08:32]} Nxe3 {[%clk 1:02:14]} 15. gxf7+
{[%clk 1:08:09]} Kxf7 {[%clk 1:02:24]} 16. dxe3 {[%clk 1:05:03]} Bb4+
{[%clk 1:02:14]} 17. Nd2 {[%clk 1:05:25]} Qh8 {[%clk 0:44:37]} 18. Qg2
{[%clk 1:05:37]} Qh5 {[%clk 0:42:01]} 19. Qxg7+ {[%clk 1:05:16]} Ke8
{[%clk 0:42:24]} 20. Qg2 {[%clk 0:53:30]} Kf7 {[%clk 0:39:13]} 21. Qg7+
{[%clk 0:53:33]} Ke8 {[%clk 0:39:35]} 22. Qg2 {[%clk 0:53:27]} Kf7
{[%clk 0:37:10]} 23. Qg7+ {[%clk 0:53:42]} 1/2-1/2

[Event "1st Stars Cup 2016"]
[Site "Guilan, Iran"]
[Date "2016.07.14"]
[Round "4"]
[Board "2"]
[White "Darini, Pouria"]
[Black "Dreev, Aleksey"]
[Result "1/2-1/2"]
[WhiteElo "2524"]
[BlackElo "2664"]
[PlyCount "0"]
[EventDate "2016.07.11"]
[EventType "team"]
[EventRounds "10"]
[EventCountry "IRI"]
[WhiteTeam "Iran Stars"]
[BlackTeam "World Stars"]

1. e4 {[%clk 1:30:30]} c6 {[%clk 1:30:53]} 2. d4 {[%clk 1:30:55]} d5
{[%clk 1:31:19]} 3. e5 {[%clk 1:30:17]} Bf5 {[%clk 1:31:43]} 4. h4
{[%clk 1:30:22]} h5 {[%clk 1:32:06]} 5. Bd3 {[%clk 1:30:47]} Bxd3
{[%clk 1:31:51]} 6. Qxd3 {[%clk 1:31:15]} Qa5+ {[%clk 1:32:03]} 7. Bd2
{[%clk 1:18:34]} Qa6 {[%clk 1:32:11]} 8. e6 {[%clk 1:18:59]} Qxd3
{[%clk 1:31:49]} 9. exf7+ {[%clk 1:18:37]} Kxf7 {[%clk 1:32:12]} 10. cxd3
{[%clk 1:19:03]} Nd7 {[%clk 1:21:46]} 11. Nf3 {[%clk 1:19:13]} Nh6
{[%clk 1:21:56]} 12. Nc3 {[%clk 1:05:49]} g6 {[%clk 1:18:52]} 13. Ne2
{[%clk 0:51:27]} Bg7 {[%clk 1:18:09]} 14. Ng5+ {[%clk 0:41:15]} Kg8
{[%clk 1:17:10]} 15. Ne6 {[%clk 0:41:13]} Bf6 {[%clk 1:03:04]} 16. Bxh6
{[%clk 0:29:07]} Rxh6 {[%clk 1:02:53]} 17. Kd2 {[%clk 0:28:43]} Nf8
{[%clk 0:53:46]} 18. N2f4 {[%clk 0:28:24]} Nxe6 {[%clk 0:53:57]} 19. Nxe6
{[%clk 0:28:53]} Kf7 {[%clk 0:51:14]} 20. Rae1 {[%clk 0:29:11]} Rc8
{[%clk 0:44:16]} 21. g3 {[%clk 0:23:11]} a5 {[%clk 0:35:50]} 22. Re2
{[%clk 0:15:50]} Rhh8 {[%clk 0:33:39]} 23. b3 {[%clk 0:15:54]} b6
{[%clk 0:31:12]} 24. Rc1 {[%clk 0:15:35]} Ke8 {[%clk 0:30:22]} 25. Nf4
{[%clk 0:14:45]} Kf7 {[%clk 0:26:28]} 26. Ne6 {[%clk 0:15:14]} Ke8
{[%clk 0:26:33]} 27. Nf4 {[%clk 0:12:31]} Kf7 {[%clk 0:25:27]} 28. Ne6
{[%clk 0:12:54]} 1/2-1/2

[Event "1st Stars Cup 2016"]
[Site "Guilan, Iran"]
[Date "2016.07.14"]
[Round "4"]
[Board "3"]
[White "Mousavi, Seyed Khalil"]
[Black "Edouard, Romain"]
[Result "0-1"]
[WhiteElo "2432"]
[BlackElo "2639"]
[PlyCount "0"]
[EventDate "2016.07.11"]
[EventType "team"]
[EventRounds "10"]
[EventCountry "IRI"]
[WhiteTeam "Iran Stars"]
[BlackTeam "World Stars"]

1. c4 {[%clk 1:30:56]} e5 {[%clk 1:30:48]} 2. Nc3 {[%clk 1:31:01]} Nf6
{[%clk 1:31:03]} 3. Nf3 {[%clk 1:31:13]} Nc6 {[%clk 1:31:30]} 4. e4
{[%clk 1:31:24]} Bb4 {[%clk 1:31:54]} 5. d3 {[%clk 1:31:43]} d6 {[%clk 1:32:19]}
6. a3 {[%clk 1:32:07]} Bc5 {[%clk 1:32:45]} 7. b4 {[%clk 1:32:30]} Bb6
{[%clk 1:33:12]} 8. Na4 {[%clk 1:32:53]} Bg4 {[%clk 1:33:36]} 9. Be2
{[%clk 1:28:50]} Bxf3 {[%clk 1:33:44]} 10. Bxf3 {[%clk 1:29:12]} Bd4
{[%clk 1:34:10]} 11. Rb1 {[%clk 1:27:38]} a6 {[%clk 1:34:21]} 12. Bd2
{[%clk 1:25:10]} Ba7 {[%clk 1:32:20]} 13. g3 {[%clk 1:20:48]} Nd4
{[%clk 1:30:32]} 14. Bg2 {[%clk 1:20:04]} h5 {[%clk 1:29:16]} 15. h3
{[%clk 1:10:09]} h4 {[%clk 1:25:14]} 16. g4 {[%clk 1:09:36]} Nh7 {[%clk 1:25:23]}
17. O-O {[%clk 1:04:25]} Ng5 {[%clk 1:21:42]} 18. Nc3 {[%clk 0:55:54]} c6
{[%clk 1:20:10]} 19. Kh1 {[%clk 0:52:06]} Nge6 {[%clk 1:20:00]} 20. Ne2
{[%clk 0:43:11]} Qf6 {[%clk 1:18:01]} 21. g5 {[%clk 0:38:42]} Qe7
{[%clk 1:08:33]} 22. Nxd4 {[%clk 0:36:59]} Bxd4 {[%clk 1:09:00]} 23. Qc1
{[%clk 0:33:11]} Qd7 {[%clk 0:57:07]} 24. f4 {[%clk 0:28:29]} exf4
{[%clk 0:57:10]} 25. Bxf4 {[%clk 0:28:23]} g6 {[%clk 0:53:53]} 26. Bd2
{[%clk 0:25:52]} Be5 {[%clk 0:53:24]} 27. Be3 {[%clk 0:24:59]} c5
{[%clk 0:52:05]} 28. Qd2 {[%clk 0:22:34]} Nd4 {[%clk 0:36:38]} 29. bxc5
{[%clk 0:21:31]} dxc5 {[%clk 0:37:06]} 30. Bf4 {[%clk 0:21:51]} Nc6
{[%clk 0:27:58]} 31. Bxe5 {[%clk 0:19:51]} Nxe5 {[%clk 0:28:25]} 32. Qc3
{[%clk 0:18:59]} Qd4 {[%clk 0:27:57]} 33. Qxd4 {[%clk 0:17:37]} cxd4
{[%clk 0:28:24]} 34. Rxb7 {[%clk 0:18:01]} Rh5 {[%clk 0:27:53]} 35. Bf3
{[%clk 0:16:11]} Rxg5 {[%clk 0:27:19]} 36. Bg4 {[%clk 0:16:33]} a5
{[%clk 0:21:06]} 37. c5 {[%clk 0:10:17]} Ra6 {[%clk 0:21:30]} 38. Rb6
{[%clk 0:06:55]} Rxb6 {[%clk 0:14:57]} 39. cxb6 {[%clk 0:07:23]} Nxg4
{[%clk 0:15:22]} 40. hxg4 {[%clk 0:02:44]} Rb5 {[%clk 0:15:48]} 41. Rf6
{[%clk 0:03:10]} Rb3 {[%clk 0:15:39]} 42. Rc6 {[%clk 0:03:16]} Ke7
{[%clk 0:11:33]} 43. Rc7+ {[%clk 0:02:19]} Ke6 {[%clk 0:11:14]} 44. b7
{[%clk 0:02:29]} f6 {[%clk 0:11:39]} 45. Kg2 {[%clk 0:01:36]} Ke5
{[%clk 0:09:27]} 46. Rf7 {[%clk 0:01:06]} g5 {[%clk 0:08:09]} 47. a4
{[%clk 0:00:48]} Kf4 {[%clk 0:08:13]} 48. e5 {[%clk 0:00:48]} Rb2+
{[%clk 0:06:55]} 49. Kh3 {[%clk 0:00:38]} Kxe5 {[%clk 0:07:22]} 50. Re7+
{[%clk 0:00:42]} Kf4 {[%clk 0:07:41]} 51. Rf7 {[%clk 0:00:32]} Ke3
{[%clk 0:07:16]} 52. Rxf6 {[%clk 0:00:51]} Rxb7 {[%clk 0:07:43]} 53. Rf5
{[%clk 0:01:14]} Rg7 {[%clk 0:06:30]} 54. Rxa5 {[%clk 0:01:02]} Kxd3
{[%clk 0:06:58]} 55. Ra8 {[%clk 0:01:15]} Re7 {[%clk 0:03:17]} 56. a5
{[%clk 0:01:15]} Ke2 {[%clk 0:03:33]} 57. Rg8 {[%clk 0:01:11]} Re3+
{[%clk 0:03:23]} 58. Kh2 {[%clk 0:01:35]} d3 {[%clk 0:02:58]} 59. a6
{[%clk 0:01:04]} d2 {[%clk 0:03:22]} 60. a7 {[%clk 0:01:28]} d1=Q
{[%clk 0:02:38]} 0-1